[Event "BL2 Ost 1112 (Women)"]
[Site "Germany"]
[Date "2012.02.12"]
[Round "7.4"]
[White "Mueller, Anna Louise"]
[Black "Van der Weth v Nordheim, Petra"]
[Result "0-1"]
[WhiteElo "1679"]
[BlackElo "2016"]
[PlyCount "94"]
[EventDate "2011.10.29"]
[EventType "team-tourn"]
[EventRounds "7"]
[EventCountry "GER"]
[SourceTitle "EXT 2013"]
[Source "ChessBase"]
[SourceDate "2012.11.22"]
[SourceVersion "1"]
[SourceVersionDate "2012.11.22"]
[SourceQuality "1"]
[WhiteTeam "Berlin Empor (W)"]
[BlackTeam "Zeulenroda (W)"]
[WhiteTeamCountry "GER"]
[BlackTeamCountry "GER"]

1. e4 c5 2. Nf3 d6 3. d4 cxd4 4. Nxd4 Nc6 5. Nc3 g6 6. Be3 Bg7 7. Qd2 Nf6 8. f3 h5 9. Bc4 Bd7 10. 0-0-0 a6 11. h3 b5 12. Bb3 Na5 13. g4 Nc4 14. Bxc4 bxc4 15. g5 Nh7 16. f4 Qa5 17. a3 0-0 18. Nd5 Qxd2+ 19. Rxd2 Rab8 20. Nxe7+ Kh8 21. Nd5 Rfe8 22. Nc3 f5 23. h4 Nf8 24. Re1 fxe4 25. Bf2 Ne6 26. Rxe4 d5 27. Re1 Nxf4 28. Rxe8+ Rxe8 29. Rd1 Bg4 30. Rd2 Nh3 31. Bg3 Re3 32. Nde2 Bxc3 33. bxc3 Bxe2 34. Bd6 Bf3 35. Bb4 Kg8 36. Rd4 Re4 37. Bd6 Nf2 38. Bb4 Kf7 39. Rd2 Re1+ 40. Kb2 Re2 41. Kc1 Rxd2 42. Kxd2 Be4 43. Bc5 Ng4 44. Bd4 Ke6 45. Bc5 Kf5 46. Bd6 Ne5 47. Bc5 Nf3+ 0-1

[Event "BL2 Ost 1112 (Women)"]
[Site "Germany"]
[Date "2011.11.26"]
[Round "3.5"]
[White "Van der Weth v Nordheim, Petra"]
[Black "Germann, Heike"]
[Result "0-1"]
[WhiteElo "2016"]
[BlackElo "2094"]
[PlyCount "92"]
[EventDate "2011.10.29"]
[EventType "team-tourn"]
[EventRounds "7"]
[EventCountry "GER"]
[SourceTitle "EXT 2013"]
[Source "ChessBase"]
[SourceDate "2012.11.22"]
[SourceVersion "1"]
[SourceVersionDate "2012.11.22"]
[SourceQuality "1"]
[WhiteTeam "Zeulenroda (W)"]
[BlackTeam "Leipzig WBA (W)"]
[WhiteTeamCountry "GER"]
[BlackTeamCountry "GER"]

1. d4 Nf6 2. Nf3 g6 3. c4 Bg7 4. Nc3 d6 5. e4 0-0 6. h3 e5 7. d5 Nbd7 8. Bd3 Nh5 9. Qc2 Nf4 10. 0-0 f5 11. Bxf4 fxe4 12. Bg5 exd3 13. Bxd8 dxc2 14. Bxc7 Rf4 15. Nd2 Rd4 16. Nb3 Nc5 17. Nxc5 dxc5 18. f4 exf4 19. Bxf4 Rxc4 20. Rf3 b5 21. Re1 Bd7 22. Bc1 b4 23. Ne4 Re8 24. Rfe3 Rf8 25. R3e2 Bf5 26. Nd6 Rd4 27. Nxf5 Rxf5 28. Rxc2 Rdxd5 29. Rce2 Rd7 30. b3 Bd4+ 31. Kh2 Rdf7 32. Bh6 Bg7 33. Be3 Bf8 34. Rd1 Kg7 35. Red2 Rf1 36. Rxf1 Rxf1 37. Rd7+ Rf7 38. Bh6+ Kf6 39. Bg5+ Ke6 40. Rd3 Rf2 41. Re3+ Kd7 42. Rd3+ Kc7 43. Kg1 Rxa2 44. Rf3 Bd6 45. Rf7+ Kc6 46. Rxh7 c4 0-1